000 00277nam a2200121Ia 4500
008 190216s9999||||xx |||||||||||||| ||und||
100 _aHicks J R
245 0 _aSocial Frame Work
260 _bOxford University Press
_c1971
300 _a317p
650 _aCommerce
942 _cBK
999 _c8332
_d8332